000 00253nam a22001217a 4500
008 181126b xxu||||| |||| 00| 0 eng d
041 _aeng
080 _a610
100 _a4
101 _aSHM
245 _aHealth Assessment
_cMoss.M
942 _2udc
_cBK
999 _c52480
_d52480